Normal view
MARC view
- Universidad Veracruzana Intercultural (Totonacapan)
Entry Nombre Corporativo
001 - NÚMERO DE CONTROL
- campo de control: 47026
003 - IDENTIFICADOR DE NUMERO DE CONTROL
- campo de control: MX-MxUPN
005 - FECHA Y HORA DE LA ÜLTIMA TRANSACCIÓN
- campo de control: 20221007092557.0
008 - DATOS DE LONGITUD FIJA
- campo de control de longitud fija: 221007|| acz||aabn | a|a d
040 ## - FUENTE DE CATALOGACIÓN
- Agencia original de catalogación: MX-MxUPN
- Lenguaje de catalogación: spa
- Agencia transcribe: MX-MxUPN
110 2# - ENCABEZAMIENTO - NOMBRE CORPORATIVO
- Nombre corporativo o de jurisdicción como elemento de entrada : Universidad Veracruzana Intercultural (Totonacapan)
670 ## - FUENTE EN LA QUE SE LOCALIZARON DATOS
- Cita de la fuente : DGB UNAM, 7 octubre 2022:
- Información localizada: encabezamiento (Universidad Veracruzana Intercultural (Totonacapan))
902 ## - CATALOGADOR
- Catalogador: Víctor Ruiz/071022
